La república tardía: cesarianos y pompeyanos
Uloženo v:
| Hlavní autor: | |
|---|---|
| Médium: | Kniha |
| Jazyk: | španělština |
| Vydáno: |
Madrid
Akal
1990
|
| Edice: | Akal, Historia del Mundo Antiguo. Roma, 44
|
| Témata: | |
| Tagy: |
Přidat tag
Žádné tagy, Buďte první, kdo vytvoří štítek k tomuto záznamu!
|
MARC
| LEADER | 00000nam a2200000 a 4500 | ||
|---|---|---|---|
| 001 | UCX2951 | ||
| 003 | CL-VaPUC | ||
| 005 | 20201027001023.0 | ||
| 008 | 910909e19900000SP |||||||||||||||||spa|d | ||
| 999 | |c 223849 |d 223847 | ||
| 020 | |a 8476004885 | ||
| 040 | |c Pontificia Universidad Católica de Valparaíso | ||
| 082 | 0 | 4 | |a 937.05 |b GON |2 21 |
| 100 | |a González Román, Cristóbal |e author |9 592914 | ||
| 245 | 1 | 3 | |a La república tardía: cesarianos y pompeyanos |
| 260 | |a Madrid |b Akal |c 1990 | ||
| 300 | |a 63 p | ||
| 490 | 0 | |a Akal, Historia del Mundo Antiguo. Roma, 44 | |
| 583 | |a last modification |c 19910909 00:00:00 |k Rodrigo Vera | ||
| 650 | 7 | |a HISTORIA REPUBLICA 265-30 A.C |2 CL-VaPUC |9 319077 | |
| 651 | 0 | |a Roma |9 255106 | |
| 942 | |c BK |2 ddc | ||
| 945 | |d 19910909 00:00:00 | ||
| 952 | |0 0 |1 0 |4 0 |6 937_050000000000000_GON_1990 |7 0 |8 A |9 220061 |a BIBHIS |b BIBHIS |d 2019-11-15 |i 2887355 |o 937.05 GON 1990 |p 2887355 |r 2025-01-20 |w 2019-11-15 |y BK |k HIS | ||
| 952 | |0 0 |1 0 |4 0 |6 937_050000000000000_GON_1990 |7 0 |8 A |9 220062 |a BIBHIS |b BIBHIS |d 2019-11-15 |i 2887363 |o 937.05 GON 1990 |p 2887363 |r 2025-01-20 |w 2019-11-15 |y BK |k HIS | ||